0901-真岡鐡道の駅 - Statistics

General Stats
  • This quiz has been taken 100 times
    99 since last reset
  • The average score is 11 of 17
Answer Stats
本線 % Correct
下館
98%
真岡
98%
茂木
95%
下館二高前
74%
益子
72%
ひぐち
68%
北真岡
62%
天矢場
58%
久下田
57%
市塙
55%
多田羅
51%
笹原田
51%
折本
49%
西田井
49%
七井
49%
北山
46%
寺内
43%
No matching quizzes found
Score Distribution
Percent of People with Each Score
Percentile by Number Answered
Your Score History
You have not taken this quiz since the last reset